Statystyki dla Ciekawostki quiz #13 - Kraje z największą liczbą obiektów UNESCO

Kliknij tutaj aby rozwiązać quiz!

Ogólne statystyki

  • Ten quiz został rozwiązany 22 razy
  • Średni wynik to 13 z 15

Statystyki odpowiedzi

MiejsceKrajLiczba obiektów UNESCO% Poprawnych
3Francja52
100%
1Włochy59
100%
3Niemcy52
95%
11USA25
95%
13Brazylia23
90%
2Chiny57
90%
5Hiszpania50
90%
9Rosja31
90%
8Wielka Brytania33
90%
11Japonia25
80%
14Kanada22
80%
7Meksyk35
80%
6Indie42
75%
15Turcja21
65%
10Iran27
45%

Rozkład punktacji

Percentyl według liczby udzielonych odpowiedzi

Procent ludzi z każdym wynikiem

Twoja historia wyników

Nie rozwiązałeś tego quizu